000 00297 a2200145 4500
001 176669
020 _a
040 _cMagnum
100 _aDarrigo, Marina
240 1 0 _aTutys dream
_lING
245 1 0 _aTutys dream
362 0 _a1899
697 _aMAGNITO: LITERATURA ESTRANGEIR
942 _cBK
999 _c176669
_d176669